<?xml version="1.0" encoding="UTF-8"?>
<record
    xmlns:xsi="http://www.w3.org/2001/XMLSchema-instance"
    xsi:schemaLocation="http://www.loc.gov/MARC21/slim http://www.loc.gov/standards/marcxml/schema/MARC21slim.xsd"
    xmlns="http://www.loc.gov/MARC21/slim">

  <leader>00797nam a22001697a 4500</leader>
  <datafield tag="952" ind1=" " ind2=" ">
    <subfield code="0">0</subfield>
    <subfield code="1">0</subfield>
    <subfield code="2">lcc</subfield>
    <subfield code="4">0</subfield>
    <subfield code="7">0</subfield>
    <subfield code="a">22</subfield>
    <subfield code="b">22</subfield>
    <subfield code="d">2012-12-14</subfield>
    <subfield code="l">7</subfield>
    <subfield code="o">T RC537 G28 2012</subfield>
    <subfield code="p">11 009723</subfield>
    <subfield code="r">2019-02-08</subfield>
    <subfield code="s">2019-02-08</subfield>
    <subfield code="t">1</subfield>
    <subfield code="w">2012-12-14</subfield>
    <subfield code="y">LB</subfield>
  </datafield>
  <datafield tag="999" ind1=" " ind2=" ">
    <subfield code="c">88847</subfield>
    <subfield code="d">88847</subfield>
  </datafield>
  <controlfield tag="008">121214t2012    mx ||||| |||| 00| 0 spa d</controlfield>
  <datafield tag="050" ind1=" " ind2=" ">
    <subfield code="a">T RC537 </subfield>
    <subfield code="b">G28 2012</subfield>
  </datafield>
  <datafield tag="100" ind1="1" ind2=" ">
    <subfield code="a">Garc&#xED;a Ocampo, Reyna</subfield>
    <subfield code="e">sustentante</subfield>
  </datafield>
  <datafield tag="245" ind1=" " ind2=" ">
    <subfield code="a">Ansiedad y depresi&#xF3;n en pacientes del &#xE1;rea de rehabilitaci&#xF3;n Cardiaca del Instituto Nacional de Cardiolog&#xED;a </subfield>
    <subfield code="c">/ tesis para obtener el t&#xED;tulo de Licenciada en Psicolog&#xED;a presenta Garc&#xED;a Ocampo Reyna ; asesor Ana Luisa Serna Uribe</subfield>
  </datafield>
  <datafield tag="260" ind1=" " ind2=" ">
    <subfield code="a">M&#xE9;xico</subfield>
    <subfield code="b">: s/ed.</subfield>
    <subfield code="c">, 2012</subfield>
  </datafield>
  <datafield tag="300" ind1=" " ind2=" ">
    <subfield code="a">125 p&#xE1;ginas</subfield>
    <subfield code="b">: gr&#xE1;ficas</subfield>
    <subfield code="e">+ CD</subfield>
  </datafield>
  <datafield tag="519" ind1=" " ind2=" ">
    <subfield code="a"> </subfield>
    <subfield code="d"> </subfield>
  </datafield>
  <datafield tag="700" ind1=" " ind2=" ">
    <subfield code="a">Serna Uribe, Ana Luisa</subfield>
    <subfield code="e">asesor</subfield>
  </datafield>
  <datafield tag="710" ind1="2" ind2=" ">
    <subfield code="a">Universidad Nacional Aut&#xF3;noma de M&#xE9;xico</subfield>
    <subfield code="e">instituci&#xF3;n que otorga el t&#xED;tulo. </subfield>
  </datafield>
  <datafield tag="710" ind1="2" ind2=" ">
    <subfield code="a">Universidad Insurgentes</subfield>
    <subfield code="b">Plantel Xola</subfield>
    <subfield code="e">entidad participante</subfield>
  </datafield>
  <datafield tag="942" ind1=" " ind2=" ">
    <subfield code="c">TESIS</subfield>
  </datafield>
</record>
